Analýza a návrh aplikácie v objektovo orientovanom systéme CASE diplomová práca

Gespeichert in:
Bibliographische Detailangaben
1. Verfasser: Herko, Dušan
Körperschaft: Fakulta hospodárskej informatiky EU. Katedra aplikovanej informatiky
Weitere Verfasser: Blahušiak, Martin
Format: Buch
Sprache:Slowakisch
Veröffentlicht: Bratislava 2011
Tags: Tag hinzufügen
Keine Tags, Fügen Sie das erste Tag hinzu!

MARC

LEADER 00000nbm a2200000 4500
001 0140631
005 20161109101939.3
041 0 |a slo 
044 |a SK 
245 1 0 |a Analýza a návrh aplikácie v objektovo orientovanom systéme CASE  |b diplomová práca  |c Dušan Herko ; školiteľ: Martin Blahušiak 
264 1 |a Bratislava  |c 2011 
300 |a 70 s. 
100 1 |a Herko, Dušan 
700 1 |a Blahušiak, Martin 
710 2 |a Fakulta hospodárskej informatiky EU. Katedra aplikovanej informatiky